000 01437cam a22003494a 4500
001 12030739
003 PILC
005 20150319103739.0
008 000605s2000 nyu b 001 0 eng
010 _a 00044250
020 _a074320414X
020 _a9780743212342
040 _aDLC
_cDLC
_dDLC
042 _apcc
050 0 0 _aHD 69.C6
_b.M38 2000
082 0 0 _a001/.068
100 1 _aMaister, David H.
245 1 4 _aThe trusted advisor /
_cDavid H. Maister, Charles H. Green, Robert M. Galford.
260 _aNew York :
_bFree Press,
_cc2000.
300 _axiii, 240 pages :
_c24 cm.
504 _aIncludes bibliographical references (p. 225-227) and index.
650 0 _aBusiness consultants.
700 1 _aGreen, Charles H.,
_d1950-
700 1 _aGalford, Robert M,
_d1952-
856 4 2 _3Contributor biographical information
_uhttp://www.loc.gov/catdir/bios/simon052/00044250.html
856 4 2 _3Publisher description
_uhttp://www.loc.gov/catdir/description/simon032/00044250.html
856 4 1 _3Table of contents only
_uhttp://www.loc.gov/catdir/enhancements/fy0631/00044250-t.html
856 4 1 _3Sample text
_uhttp://www.loc.gov/catdir/enhancements/fy0641/00044250-s.html
906 _a7
_bcbc
_corignew
_d1
_eocip
_f20
_gy-gencatlg
942 _2lcc
_cBK
999 _c283791
_d283791